000 00712nam a22002297a 4500
005 20170124110147.0
010 _aB-019140
020 _c00.00
_a8124202176
035 _aB-019140
037 _bCen Lib/Ret
040 _aDPL
_bEN
082 _a658.81
_bSAR
100 _aSarkar, Manoj Kumar
_933589
245 _aSales and advertising management /
_cby Manoj Kumar Sarkar
260 _aNew Delhi
_bCrest Publishing House
_c2000
270 _aG-2, 16 Ansari Road, Darya Ganj
_bNew Delhi
_e110002
300 _avi,216p.
_c23cm(Hb)
500 _aIncludes bibliographical references
650 _aSales management
_919619
650 _aAdvertising
_924955
942 _2ddc
_cEN
_h658.81
_mSAR
999 _c132059
_d132059